The carbon cost of palm oil production in Malaysia. (Registro nro. 26581)

Detalles MARC
000 -ENCABEZADO
Número de control [NR] 01896nam a22003377i 4500
001 - NÚMERO DE CONTROL
control field B-12609
003 - IDENTIFICADOR DE CONTROL NÚMERO
control field CO-BoFNCP
007 - CAMPO DESCRIPCIÓN FÍSICA FIJA - INFORMACIÓN GENERAL
fixed length control field t||
008 - DE LONGITUD FIJA DE DATOS DE ELEMENTOS - INFORMACIÓN GENERAL
Elementos de longitud fija [NR] 090929s2008 my a f z eng d
040 ## - FUENTE DE CATALOGACION [NR]
Agencia de catalogación original [NR] CO-BoFNCP
Idioma de catalogación [NR] Español
Quien Cataloga CO-BoFNCP
Convenciones de la descripción [NR] rda
041 ## - CODIGO DE IDIOMA [R]
Código de idioma para texto/pista de sonido o título separado [R] Inglés
043 ## - CODIGO DE AREA GEOGRAFICA [NR]
Código de área geográfica [R] my
084 ## - OTRO NUMERO DE CLASIFICACION [R]
Número clasificador [R] A-
100 1# - ASIENTO PRINCIPAL--NOMBRE PERSONAL [NR]
Nombre personal [NR] Hensen, Ian E.
ID Autoridad 41384,
Término relacionador [R] autor.
Relator code aut
245 14 - MENCION DE TITULO [NR]
Título [NR] The carbon cost of palm oil production in Malaysia.
264 #4 - PRODUCCIÓN, PUBLICACIÓN, DISTRIBUCIÓN, FABRICACIÓN Y COPYRIGHT
Fecha de producción, publicación, distribución, fabricación o copyright ©2008
300 ## - DESCRIPCION FISICA [R]
Extensión [R] páginas 445-464 :
Otros detalles físicos [NR] Tablas, gráficos.
336 ## - TIPO DE CONTENIDO
Término de tipo de contenido texto
Código de tipo de contenido txt
Fuente rdacontent
337 ## - TIPO DE MEDIO
Nombre/término del tipo de medio sin mediación
Código del tipo de medio n
Fuente rdamedia
338 ## - TIPO DE SOPORTE
Nombre/término del tipo de soporte volumen
Código del tipo de soporte nc
Fuente rdacarrier
504 ## - NOTA DE BIBLIOGRAFIA, ETC. [R]
Nota de bibliografía, etc. [NR] Incluye referencias bibliográficas.
520 ## - NOTA DE RESUMEN, ETC. [R]
Nota de sumario, etc. [NR] Agriculture, in common with other industries, is increasingly being required to account for its contribution to greenhouse gas (GHG) emissions, which are driving global warming, and climate change. In Malaysia, the dominant presence of oil palm, which now occupies some 13 percent of the total land area (18% in the Peninsular; 2006 figures), justifies particular attention. This paper summarises the results of a recent study, which evaluates the balance between sequestration and emission of GHG resulting from oil palm cultivation, associated land use change, and processing of products in the palm oil mill. The study, which covers the 25 years from 1981 to 2005, quantifies the major sinks and sources of C and evaluates the C balance, using a number of alternative options and assumptions. The main results are outlined here and probable future developments, likely to impact on the balance, are evaluated.
650 #0 - ASIENTO SECUNDARIO DE MATERIA - TERMINO TEMATICO [R]
Término temático o nombre geográfico como elemento de entrada [NR] captura de carbono
9 (RLIN) 36678.
650 #0 - ASIENTO SECUNDARIO DE MATERIA - TERMINO TEMATICO [R]
Término temático o nombre geográfico como elemento de entrada [NR] Efecto invernadero.
9 (RLIN) 9002
650 #0 - ASIENTO SECUNDARIO DE MATERIA - TERMINO TEMATICO [R]
Término temático o nombre geográfico como elemento de entrada [NR] Uso de la tierra
9 (RLIN) 31087.
650 #0 - ASIENTO SECUNDARIO DE MATERIA - TERMINO TEMATICO [R]
Término temático o nombre geográfico como elemento de entrada [NR] Palma de aceite
9 (RLIN) 37678.
773 0# - ASIENTO DEL ITEM FUENTE [R]
Asiento principal [NR] The Planter (Malasia)
Información sobre la relación [R] v. 84, no. 988 (2008), p.445-464
Número de control del registro [R] A-
Número Internacional Normalizado para Publicaciones Seriadas - ISSN [NR] 0126-575x
942 ## - ELEMENTOS DE ENTRADA AGREGADOS (KOHA)
Sistema de clasificación Local
Tipo de ítem principal el descrito en 300a Artículo
999 ## - NÚMEROS DE SISTEMAS DE CONTROL (KOHA)
Koha biblionumber 26581
999 ## - NÚMEROS DE SISTEMAS DE CONTROL (KOHA)
Registro cosechable Si
Existencias
Estado de retiro (OPAC) Perdido Sistema de clasificación Dañado No prestable Ubicación habitual Ubicación actual Fecha de creación Volúmen / Fascículo Total préstamos Signatura topográfica Código de barras Última vez visto Ejemplar Price effective from Tipo de ítem
    Local     1 - CID Palmero Bogotá 1 - CID Palmero Bogotá 10/21/2013 The Planter (Malasia). v. 84, no. 988 (2008), p.445-464. ST-A-, ISSN: 0126-575x   A- R-12609 10/21/2013 Ej. 1 10/21/2013 Artículo